书目信息 |
| 题名: |
2004年全国MBA联考管理考试应试对策与模拟试题
|
|
| 作者: | 周毕文 主编 | |
| 分册: | ||
| 出版信息: | 北京 人民邮电出版社 2003.09 |
|
| 页数: | 330页 | |
| 开本: | 24cm | |
| 丛书名: | ||
| 单 册: | ||
| 中图分类: | F203.9-42 | |
| 科图分类: | ||
| 主题词: | 工商行政管理--研究生教育--学习参考资料 | |
| 电子资源: | ||
| ISBN: | 7-115-11574-5 | |
| 000 | 01045nam0 2200253 450 | |
| 001 | 0159759906 | |
| 005 | 20050823150935.84 | |
| 010 | @a7-115-11574-5@d35.00CNY | |
| 100 | @a20050823d2003 km y0chiy0120 ea | |
| 101 | 0 | @achi |
| 102 | @aCN@b110000 | |
| 105 | @ay q 000yy | |
| 200 | 1 | @a2004年全国MBA联考管理考试应试对策与模拟试题@A2004 nian quan guo MBA lian kao guan li kao shi ying shi dui ce yu mo ni shi ti@f周毕文主编@Fzhou bi wen zhu bian |
| 210 | @a北京@c人民邮电出版社@d2003.09 | |
| 215 | @a330页@c图@d24cm@e光盘1片 | |
| 305 | @a题名页题: 第2版 | |
| 307 | @a光盘 ISBN : 7-89497-209-6 | |
| 330 | @a本书共分四编,第一编为管理考试重点与难点总结,第二编为管理考试应试对策与技巧,第三编为六套模拟试题,第四编为面试指导。 | |
| 517 | 1 | @a全国MBA联考管理考试应试对策与模拟试题@Aquan guo MBA lian kao guan li kao shi ying shi dui ce yu mo ni shi ti |
| 606 | 0 | @a工商行政管理@x研究生教育@j学习参考资料 |
| 690 | @aF203.9-42@v4 | |
| 701 | 0 | @a周毕文@Azhou bi wen@4主编 |
| 801 | 0 | @aCN@bQSSK@c20050823 |
| 905 | @a10447@dF203.9-42@eZ757 | |
| 2004年全国MBA联考管理考试应试对策与模拟试题/周毕文主编.-北京:人民邮电出版社,2003.09 |
| 330页:图;24cm+光盘1片 |
| ISBN 7-115-11574-5:35.00CNY |
| 本书共分四编,第一编为管理考试重点与难点总结,第二编为管理考试应试对策与技巧,第三编为六套模拟试题,第四编为面试指导。 |
| ● |
| 相关链接 |
|
|
|
正题名:2004年全国MBA联考管理考试应试对策与模拟
索取号:F203.9-42/Z757
 
预约/预借
| 序号 | 登录号 | 条形码 | 馆藏地/架位号 | 状态 | 备注 |
| 1 | 564816 | 205648165 | 社科二线422/409社科库 72排2列3层/ [索取号:F203.9-42/Z757] | 在馆 | |
| 2 | 564817 | 205648174 | 社科库409/409社科库 72排2列3层/ [索取号:F203.9-42/Z757] | 在馆 | |
| 3 | 564818 | 205648183 | 社科二线422/409社科库 72排2列3层/ [索取号:F203.9-42/Z757] | 在馆 |